000 00823nam a22002657a 4500
001 0011608
003 DO-SdBNP
005 20170915133205.0
007 0011608
008 161011b 2010 sp||||| |||| 00| 0 spa d
020 _a9789972209819
040 _aBPMSU
_bspa
_cBPMSU
082 4 _aR 610.3
_bD545L
245 o o _aDiccionario lexus de medicina y ciencias de la salud /
_cedición Santiago Parales ; corrección Hilda E. Lucci
260 _aBarcelona :
_bLexus,
_c2010.
300 _a1312 p. :
_bil.,
_c27 cm.
_e+ CD-ROM
650 4 _aMEDICINA
_xDICCIONARIOS
_xESPAÑOL
650 4 _aSALUD
_vDICCIONARIOS
650 4 _aENFERMERÍA
700 1 2 _aParales, Santiago,
_eed.
700 1 _aLucci, Hilda E.,
_ecorrección
942 _2ddc
_cBK
945 _aInventariado, 2017/MFF
956 _aBTAVÁREZ
_b10
_c20161011
_d0011608
999 _c11538
_d11538